Methods of marking fish and shellfish

Special Publication 23 Synthesis of current ways to tag and mark fish, crustaceans, and mollusks for later identification. Well-illustrated and suitable as a working manual or teaching text, the book gives the advantages, disadvantages, appropriate species, materials, procedures, and new development...

תיאור מלא

שמור ב:
מידע ביבליוגרפי
מחבר ראשי: Nielsen, Larry A.
פורמט: ספר
שפה:Undetermined
יצא לאור: Maryland, US. American Fisheries Society 1992
נושאים:
תגים: הוספת תג
אין תגיות, היה/י הראשונ/ה לתייג את הרשומה!
Thư viện lưu trữ: Trung tâm Học liệu Trường Đại học Cần Thơ
LEADER 00909nam a2200205Ia 4500
001 CTU_149283
008 210402s9999 xx 000 0 und d
082 |a 590.723 
082 |b N669 
100 |a Nielsen, Larry A. 
245 0 |a Methods of marking fish and shellfish 
245 0 |c Larry A. Neilsen 
260 |a Maryland, US. 
260 |b American Fisheries Society 
260 |c 1992 
520 |a Special Publication 23 Synthesis of current ways to tag and mark fish, crustaceans, and mollusks for later identification. Well-illustrated and suitable as a working manual or teaching text, the book gives the advantages, disadvantages, appropriate species, materials, procedures, and new developments for each class of tags and marks. 
650 |a Fish tagging,Animal marking,Fisheries 
650 |x Research 
904 |i Trọng Hiếu 
980 |a Trung tâm Học liệu Trường Đại học Cần Thơ